Survey of water supply resources of greater Calcutta (Record no. 549161)

MARC details
000 -LEADER
fixed length control field 00790nam a2200241Ia 4500
003 - CONTROL NUMBER IDENTIFIER
control field OSt
005 - DATE AND TIME OF LATEST TRANSACTION
control field 20220925204325.0
008 - FIXED-LENGTH DATA ELEMENTS--GENERAL INFORMATION
fixed length control field 220923b |||||||| |||| 00| 0 eng d
037 ## - SOURCE OF ACQUISITION
Terms of availability General Book
040 ## - CATALOGING SOURCE
Original cataloging agency RTL
Transcribing agency RTL
Language of cataloging eng
041 ## - LANGUAGE CODE
Source of code eng
Language code of text/sound track or separate title eng
110 ## - MAIN ENTRY--CORPORATE NAME
Corporate name or jurisdiction name as entry element UNITED NATIONS DEVELOPMENT PROGRAMME, WORLD HEALTH ORGANIZAION
9 (RLIN) 268229
245 #0 - TITLE STATEMENT
Title Survey of water supply resources of greater Calcutta
260 ## - PUBLICATION, DISTRIBUTION, ETC.
Place of publication, distribution, etc. Geneva
Name of publisher, distributor, etc. United Nations
Date of publication, distribution, etc. 1969
300 ## - PHYSICAL DESCRIPTION
Extent ix, 51p
Dimensions cm.
500 ## - GENERAL NOTE
General note Appendix: 45-51p
700 ## - ADDED ENTRY--PERSONAL NAME
Personal name UNITED NATIONS DEVELOPMENT PROGRAMME, WORLD HEALTH ORGANIZAION
9 (RLIN) 268230
942 ## - ADDED ENTRY ELEMENTS (KOHA)
Classification part X9(D85).275.Nt4, K9 /UN
Koha item type General Books
Source of classification or shelving scheme Colon Classification (CC)
Holdings
Withdrawn status Lost status Damaged status Not for loan Home library Current library Date acquired Total Checkouts Full call number Barcode Date last seen Price effective from Koha item type
        Ratan Tata Library Ratan Tata Library 2022-09-25   X9(D85).275.Nt4 K9 /UN RT1405272 2022-09-25 2022-09-25 General Books
Copyright @ Delhi University Library System